History Quiz

Random History Quiz

Women on Stamps Quiz Stats

Quiz Updated Jan 7, 2013

Also try: Female Firsts
Challenge
Share
Tweet
Score 0/30 Timer 06:00
1 Play Today
% Correct
Marilyn Monroe
87.4%
Lady Liberty
78.8%
Lucille Ball
75.3%
Audrey Hepburn
68.9%
Sacagawea
68.6%
Grace Kelly
57.5%
Bette Davis
57.4%
Ella Fitzgerald
57.4%
Annie Oakley
56.6%
Amelia Earhart
56.3%
Judy Garland
55.6%
Harriet Tubman
55.5%
Helen Keller & Anne Sullivan
50.7%
Martha Washington
50.4%
Betsy Ross
46.2%
% Correct
Susan B. Anthony
44%
Greta Garbo
31.9%
Billie Holiday
28.6%
Pocahontas
28.6%
Patsy Cline
27.1%
Clara Barton
22.7%
Ethel Merman
19.9%
Babe Zaharias
16.6%
Emily Dickinson
16.5%
Dolley Madison
15%
Louisa May Alcott
14.6%
Elizabeth Blackwell
14.4%
Mahalia Jackson
14.3%
Dinah Shore
14.2%
Abigail Adams
11.4%

You're not logged in!

Compare scores with friends on all Sporcle quizzes.
Join for Free
OR
Log In

You Might Also Like...

Show Comments

Extras

Top Quizzes Today


Score Distribution

Your Account Isn't Verified!

In order to create a playlist on Sporcle, you need to verify the email address you used during registration. Go to your Sporcle Settings to finish the process.

Report this User

Report this user for behavior that violates our Community Guidelines.

Details: